Subject collections in European libraries. /

Uložené v:
Podrobná bibliografia
Hlavný autor: Lewanski, Richard C. (Author)
Médium: Kniha
Jazyk:English
Vydané: London New York : Bowker, 1978.
Vydanie:2nd ed.
ISBN: (viaz.)
Fyzický popis: 495 s.
Tagy: Pridať tag
Žiadne tagy, Buďte prvý kto otaguje tento záznam!

MARC

LEADER 00000nam a2200000 a 4500
001 000161395
005 20100921175116.0
008 040101s1978 xxk e 000 0 eng d
020 |a (viaz.)  |c Kčs 1740,00 
040 |a SVKKK  |b slo  |c SVKKK  |e AACR2 
041 0 |a eng 
044 |a xxk  |a xxu  |c GB  |c US 
100 1 |a Lewanski, Richard C.  |4 aut 
245 1 0 |a Subject collections in European libraries. /  |c Richard C. Lewanski. 
250 |a 2nd ed. 
260 |a London  |a New York :  |b Bowker,  |c 1978. 
300 |a 495 s. 
910 |a svkkk 
998 |a BK 
090 |g SCKHL  |k Sklad Pribinova 3. posch.  |a V.117984  |j 598189  |i 2721178861  |s Absenčne